000 00699nam a22002177a 4500
003 UA-OsUOA
001 128921
007 ta
008 20180201b un ||||| |||| 00| 0 ukr d
100 _aСоколова А.
090 _a82
_bС59
942 _cSA
040 _aUA-OsUOA
_bukr
_cUA-OsUOA
_dUA-OsUOA
245 _aЕтноментальні константи портрета поліщука в художньому просторі роману Володимира Лиса "Століття Якова"
300 _aС.28-34
955 _a0
041 _aukr
080 _a82
773 0 _w128919
650 7 _a82 Література. Літературознавство
_2UDC
999 _c416626
_d416626